Bundesliga 2025/26 - Logos - Statistiken

Allgemein
  • Dieses Quiz wurde 112 mal gespielt
  • Das Durchschnittsergebnis liegt bei 17 aus 18
Antwortstatistiken
Bildquiz Antwort % Korrekt
1. FC Köln
99%
FC Bayern München
99%
Hamburger SV
99%
Bayer 04 Leverkusen
98%
Borussia Dortmund
98%
Werder Bremen
98%
Eintracht Frankfurt
97%
FC St. Pauli
97%
RB Leipzig
97%
VfL Wolfsburg
97%
TSG 1899 Hoffenheim
96%
Borussia Mönchengladbach
94%
VfB Stuttgart
94%
SC Freiburg
93%
1. FC Union Berlin
92%
1. FC Heidenheim
91%
FC Augsburg
91%
1. FSV Mainz 05
89%
Keine übereinstimmenden Quizze gefunden
Verteilung der Resultate
Anzahl Personen mit jedem Resultat
Perzentil nach korrekt beantworteten Fragen
Ihre Resultats-Entwicklung
Sie haben dieses Quiz noch nicht gespielt